000
00327nam a2200133Ia 4500
008
190723s9999 xx 000 0 und d
020
_a
978-93-528-6563-5
100
_a
John C. Hull
245
0
_a
Fundamentals of Futures and Options market
250
_a
9th
260
_a
India
_b
Pearson
_c
2018
300
_a
598.:p
942
_c
BK
999
_c
1825
_d
1825